Shooting stars
Na minha lista:
| Autor principal: | |
|---|---|
| Formato: | Livro |
| Idioma: | inglês |
| Publicado em: |
Nueva York
William Morrow and Company
1958
|
| Assuntos: | |
| Tags: |
Adicionar Tag
Sem tags, seja o primeiro a adicionar uma tag!
|
MARC
| LEADER | 00000nam a2200000 a 4500 | ||
|---|---|---|---|
| 001 | UCU2185 | ||
| 003 | CL-VaPUC | ||
| 008 | 960419e19580000US |||||||||||||||||eng|d | ||
| 082 | 0 | 4 | |a 523.8 |b ZIM |2 21 |
| 100 | 0 | |a Zim, Herbert S |e author |9 358184 | |
| 245 | 1 | 0 | |a Shooting stars |
| 300 | |a 64 p | ||
| 942 | |c BK | ||
| 945 | |d 19960419 00:00:00 |a rleighto | ||
| 260 | |a Nueva York |b William Morrow and Company |c 1958 | ||
| 650 | 7 | |a ESTRELLAS |2 CL-VaPUC |9 310511 | |
| 650 | 7 | |a CUERPOS Y SISTEMAS ASTRONOMICOS |2 CL-VaPUC |9 349871 | |
| 650 | 0 | |a Galaxias |9 322985 | |
| 650 | 7 | |a MATERIA COSMICA |2 CL-VaPUC |9 347761 | |
| 650 | 0 | |a Universo |9 266563 | |
| 650 | 0 | |a Astronomía |9 260985 | |
| 583 | |a last modification |c 19960419 00:00:00 |k Rodrigo Vera | ||
| 999 | |c 246558 |d 246556 | ||
| 952 | |0 0 |1 0 |4 0 |6 523_800000000000000_ZIM_1958 |7 0 |8 A |9 261636 |a BIBING |b BIBING |d 2019-11-19 |i 3159523 |o 523.8 ZIM 1958 |p 3159523 |r 2025-01-20 |w 2019-11-19 |y BK |k GEO | ||